000 00947nam0a2200277 4500
001 RU\NLR\ONL2\17626
005 20250806203118.0
035 _a(NLR Aleph) 009665211
090 _a82272
_c82272
100 _a20100227d1941 u y0rusy50 ca
101 0 _aaze
102 _aAZ
105 _ay |||||||||
200 1 _aГәhрәман Москва! Әзиз Москва!
_fССРИ ЕА Азәрб. фил. Низами ад. Әдәбиjjат вә дил ин-ту
210 _aБакы
_cЕА Азфил. нэшри
_d1941
215 _a28,[4] с.
_d16
541 1 _aГероическая Москва! Любимая Москва!
_zrus
686 1 _aШ6(2=Аз)7 я43
801 0 _aRU
_bNLR
_c20100603
_gPSBO
852 _aNLR
_bОНЛ
_jАзерб./2-2653
942 _cBOOK
945 _aРоссийская национальная библиотека
980 _aBV
980 _aONL_RF